La emergencia del miedo
Uloženo v:
| Hlavní autoři: | , , |
|---|---|
| Další autoři: | |
| Médium: | Kniha |
| Jazyk: | španělština |
| Vydáno: |
Buenos Aires
Ediar
2013
|
| Vydání: | 1a. ed |
| Témata: | |
| Tagy: |
Přidat tag
Žádné tagy, Buďte první, kdo vytvoří štítek k tomuto záznamu!
|
MARC
| LEADER | 00000cam a2200000 a 4500 | ||
|---|---|---|---|
| 001 | UCE2469 | ||
| 003 | CL-VaPUC | ||
| 008 | 140703e20130000ag |||||||||||||||||spa|d | ||
| 020 | |a 9789505742943 | ||
| 082 | 0 | 4 | |a 340.1 |b ZAF |2 21 |
| 100 | 0 | |a Zaffaroni, Eugenio Raúl |e author |9 574918 | |
| 700 | |a Ferrajoli, Luigi |e autor |9 522506 | ||
| 700 | 0 | |a Torres, Sergio gabriel |e author |9 574919 | |
| 700 | 0 | |a Basilico, Ricardo Angel |e author |9 574920 | |
| 245 | 1 | 3 | |a La emergencia del miedo |
| 250 | |a 1a. ed | ||
| 300 | |a 243 p | ||
| 942 | |c BK | ||
| 945 | |d 20140703 14:09:00 |a dcastane | ||
| 260 | |a Buenos Aires |b Ediar |c 2013 | ||
| 650 | 0 | |a Filosofía del derecho |9 255050 | |
| 650 | 0 | |a Miedo |9 307306 | |
| 583 | |a last modification |c 20140703 14:09:00 |k Rodrigo Vera | ||
| 999 | |c 356068 |d 356066 | ||
| 952 | |0 0 |1 0 |3 erb |4 0 |6 340_100000000000000_ZAF_2013 |7 0 |8 A |9 463145 |a BIBDER |b BIBDER |i 5088054 |l 2 |o 340.1 ZAF 2013 |p 5088054 |r 2023-01-25 |s 2022-07-26 |w 2019-11-23 |y BK |z Catalogado en:20140703 |k DER | ||